GREEN NETWORK (ระเบียนเลขที่ 91942)
| 000 -LEADER | |
|---|---|
| fixed length control field | 00892nas a22002057a 4500 |
| 003 - CONTROL NUMBER IDENTIFIER | |
| control field | NALT |
| 005 - DATE AND TIME OF LATEST TRANSACTION | |
| control field | 20211007142034.0 |
| 008 - FIXED-LENGTH DATA ELEMENTS--GENERAL INFORMATION | |
| fixed length control field | 170828b xxu||||| |||| 00| 0 tha d |
| 040 ## - CATALOGING SOURCE | |
| Original cataloging agency | NALT |
| 041 0# - LANGUAGE CODE | |
| Language code of text/sound track or separate title | tha |
| 245 10 - TITLE STATEMENT | |
| Title | GREEN NETWORK |
| 260 3# - PUBLICATION, DISTRIBUTION, ETC. | |
| Place of publication, distribution, etc. | กรุงเทพฯ : |
| Name of publisher, distributor, etc. | บริษัท เทคโนโลยี มีเดีย จำกัด |
| 310 ## - CURRENT PUBLICATION FREQUENCY | |
| Current publication frequency | รายสองเดือน |
| 500 ## - GENERAL NOTE | |
| General note | เผยแพร่ในรูปแบบวารสารอิเล็กทรอนิกส์ตั้งแต่เดือนมีนาคม 2563 |
| 850 ## - HOLDING INSTITUTION | |
| Holding institution | NALT |
| 856 ## - ELECTRONIC LOCATION AND ACCESS | |
| Uniform Resource Identifier | <a href="https://www.greennetworkthailand.com/">https://www.greennetworkthailand.com/</a> |
| 866 31 - TEXTUAL HOLDINGS--BASIC BIBLIOGRAPHIC UNIT | |
| Textual string | ปี พ.ศ. 2562 ฉบับที่ 91-96 (ม.ค.-ธ.ค. 2562), ปี พ.ศ. 2563 ฉบับที่ 97 (ม.ค.-ก.พ. 2563) |
| 942 ## - ADDED ENTRY ELEMENTS (KOHA) | |
| Koha item type | Journal/Magazine |
| Source of classification or shelving scheme | Library of Congress Classification |
| Koha issues (borrowed), all copies | 2 |
| 998 ## - STAFF NAME (NALT) | |
| -- | 755 |
| -- | จินตนา เอี่ยมคง |
ไม่มีตัวเล่มให้บริการ
